The Individual and the universe (Record no. 119559)
[ view plain ]
| 000 -LEADER | |
|---|---|
| fixed length control field | 00376nam a22001337a 4500 |
| 008 - FIXED-LENGTH DATA ELEMENTS--GENERAL INFORMATION | |
| fixed length control field | 140114b xxu||||| |||| 00| 0 eng d |
| 050 ## - LIBRARY OF CONGRESS CALL NUMBER | |
| Classification number | QB51.L62 1961 |
| 100 ## - MAIN ENTRY--PERSONAL NAME | |
| Personal name | Lovell, Bernard |
| 9 (RLIN) | 6631 |
| 245 ## - TITLE STATEMENT | |
| Title | The Individual and the universe |
| 260 ## - PUBLICATION, DISTRIBUTION, ETC. (IMPRINT) | |
| Place of publication, distribution, etc | London |
| Name of publisher, distributor, etc | Oxford University Press |
| Date of publication, distribution, etc | 1961 |
| 300 ## - PHYSICAL DESCRIPTION | |
| Extent | xiv; 111p. |
| Dimensions | 20cm |
| 650 ## - SUBJECT ADDED ENTRY--TOPICAL TERM | |
| Topical term or geographic name as entry element | Astronomy |
| 9 (RLIN) | 6632 |
| 942 ## - ADDED ENTRY ELEMENTS (KOHA) | |
| Source of classification or shelving scheme | Library of Congress Classification |
| Item type | Monograph ( Printed materials) |
| Withdrawn status | Lost status | Source of classification or shelving scheme | Damaged status | Not for loan | Home library | Current library | Date acquired | Total Checkouts | Full call number | Barcode | Date last seen | Price effective from | Koha item type |
|---|---|---|---|---|---|---|---|---|---|---|---|---|---|
| Library of Congress Classification | ARRUPE LIBRARY | ARRUPE LIBRARY | 14/01/2014 | QB51.L62 1961 | 464122506 | 02/07/2019 | 14/01/2014 | Monograph ( Printed materials) |